Disney Trivia- Letter D - Statistics

General Stats
  • This quiz has been taken 195 times
  • The average score is 16 of 21
Answer Stats
Questions Answers % Correct
What animal are Donald and Daisy? Duck
99%
Who is Disney's flying elephant? Dumbo
99%
What breed of dog does Cruella take a particular interest in? Dalmation
97%
What animal is Bambi? Deer
93%
The leader of the Seven dwarfs Doc
91%
Finish the Disney song title: A ______ is a wish your heart makes dream
91%
A memorable character in Finding Nemo Dory
90%
What relationship is Ariel to King Triton? daughter
88%
Alice picks up a bottle that says: _____ me drink
86%
Pirates of the Caribbean; _____ man's chest Dead
85%
One of the seven dwarfs Dopey
82%
Jafar is searching for the ________ in the rough diamond
78%
The surname of Wendy, John and Michael Darling
73%
Finish the lyric: from the _____ we arrive on the planet day
71%
Finish the song title: Steady as the beating _____ drum
70%
One of Riley's emotions Disgust
67%
One of Donald's nephews Dewey
66%
One of the ugly step sisters Drizella
64%
Who is the villain in The Princess and the Frog? Dr Facilier
47%
Who is the mum to Marie, Berlioz and Toulouse? Duchess
44%
The name of Alice's cat in Alice in Wonderland Dinah
34%
No matching quizzes found
Score Distribution
Percent of People with Each Score
Percentile by Number Answered
Your Score History
You have not taken this quiz